[Event "NOR-ch Youth 2019"]
[Site "Skien"]
[Date "2019.11.09"]
[Round "3.3"]
[White "Halvorsen, Benjamin"]
[Black "Risting, Eivind Olav"]
[Result "0-1"]
[WhiteElo "1868"]
[BlackElo "2298"]
[Annotator "TA"]
[PlyCount "84"]
[EventDate "2019.11.08"]
[EventType "swiss"]
[EventCountry "NOR"]
[SourceTitle "playchess.com"]
[Source "ChessBase"]
[SourceQuality "1"]

{[%evp 19,84,-48,-45,-58,-36,-87,-46,-98,-75,-111,-120,-164,-166,-212,-243,-247,-255,-244,-203,-204,-215,-219,-222,-279,-274,-396,-311,-322,-331,-301,-264,-264,-259,-264,-254,-264,-248,-247,-248,-256,-253,-261,-244,-243,-222,-356,-350,-341,-306,-358,-358,-350,-348,-376,-332,-482,-462,-517,-494,-497,-495,-471,-454,-659,-659,-534,-489]} 1. e4 c5 2. Nf3 d6 3. d4 cxd4 4. Nxd4 Nf6 5. Nc3 Nc6 6. Be3 Ng4 7. Qd2 Nxe3 8. Qxe3 g6 9. Nf3 Bg7 10. Bc4 O-O 11. O-O {B72: Sicilian Dragon: 6 Be3, lines with h3+Bc4 and sidelines} Bg4 (11... Bd7 12. Bb3 Na5 13. Rfd1 Bg4 14. Rd3 Nxb3 15. axb3 a6 16. Qg5 Bxf3 17. Rxf3 e6 18. Qd2 Qc7 19. Rd1 Rfd8 {0-1 (65) Rakic,T (1651)-Greibrokk,I (2018) Porto Carras 2018}) 12. Bd5 $146 (12. Ng5 $15 Ne5 13. Bb3) ({Predecessor:} 12. Bb3 Qa5 13. Ng5 Bh6 14. Qf4 Qxg5 15. Qxg5 Bxg5 {0-1 (41) Fjallheim,B (1234)-Skaale,J (1783) Runavik 2016}) 12... Rc8 13. Rad1 (13. Ng5 $15 Ne5 14. Bb3 (14. Bxb7 Rb8 $15)) 13... Qa5 14. h3 {[#]} Bxf3 $1 15. gxf3 Bxc3 16. bxc3 Ne5 {[%cal Bc6e5,Be5d7,Bd7c5][%mdl 32]} 17. f4 Rxc3 {[%mdl 64] Double Attack} 18. Qe2 Nd7 19. Rd3 Rfc8 20. Bb3 Nc5 21. Rd5 Qb4 22. e5 (22. Rfd1 $142) 22... Qxf4 ({Don't play} 22... Nxb3 23. cxb3 Qxf4 24. Qg4 $19) 23. Qg4 Qxg4+ 24. hxg4 Nxb3 25. cxb3 dxe5 26. Rxe5 $19 {[%mdl 4096] Endgame KRR-KRR} e6 27. Rd1 Rc1 28. Rxc1 Rxc1+ {KR-KR} 29. Kg2 Kf8 30. Kg3 Ke7 31. f3 f6 32. Rb5 (32. Re2 {might work better.}) 32... b6 33. Rb4 Rc5 34. Rd4 h5 35. gxh5 Rxh5 ({Not} 35... gxh5 36. Rd2 $19) 36. Rc4 Rc5 {[#] Threatens to win with ...Rxc4.} 37. Rd4 (37. Rh4 $142 Rg5+ 38. Kf2) 37... e5 {Black is clearly winning.} 38. Rh4 Ke6 39. Rh7 a5 40. Rb7 b5 {[%cal Bb6b5,Bb5b4][%mdl 32]} 41. Rb6+ (41. a3 $142 e4 42. b4 axb4 43. axb4) 41... Kf5 42. Ra6 b4 {Accuracy: White = 27%, Black = 92%.} 0-1

[Event "NOR-ch Youth 2019"]
[Site "Skien"]
[Date "2019.11.09"]
[Round "3.4"]
[White "Unhjem, Bjorn Robert Lovoll"]
[Black "Holand, Per Fredrik"]
[Result "1-0"]
[WhiteElo "1942"]
[BlackElo "1927"]
[Annotator "NA RC"]
[PlyCount "59"]
[EventDate "2019.11.08"]
[EventType "swiss"]
[EventCountry "NOR"]
[SourceTitle "playchess.com"]
[Source "ChessBase"]
[SourceQuality "1"]
[TimeControl "2400+10"]

{[%evp 9,59,1,9,5,-4,0,0,0,10,4,10,16,25,20,4,0,0,0,20,5,0,-14,-6,-15,7,-18,25,0,-16,0,19,10,7,0,0,-23,8,0,48,-15,32767,32767,32767,32767,42,0,32767,-118,0,0,404,434]} 1. e4 {[%emt 0:03:29]} c5 {[%emt 0:00:00]} 2. Nf3 {[%emt 0:00:03]} e6 {[%emt 0:00:00]} 3. d4 {[%emt 0:00:08]} cxd4 {[%emt 0:00:03]} 4. Nxd4 {[%emt 0:00:03]} Nf6 {[%emt 0:00:05]} 5. Bd3 {[%emt 0:00:20]} Nc6 {[%emt 0:00:41]} 6. Nb3 {[%emt 0:00:16]} d5 {[%emt 0:01:00]} 7. exd5 {[%emt 0:00:16]} exd5 {[%emt 0:00:03]} 8. O-O {[%emt 0:00:06] B40: Sicilian: 2...e6, Unusual lines} Be7 {[%emt 0:00:02]} 9. Nc3 {[%emt 0:01:59]} O-O {[%emt 0:00:22]} 10. Bg5 {[%emt 0:00:50]} h6 {[%emt 0:01:23]} (10... Be6 11. Ne2 h6 12. Bh4 Qb6 13. c3 Rad8 14. Qc2 Ng4 15. Bxe7 Qc7 {1-0 (46) Megaranto,S (2532)-Sadorra,J (2470) Kuala Lumpur 2008}) 11. Bh4 {[%emt 0:00:47]} Bg4 {[%emt 0:05:45]} 12. Be2 {[%emt 0:01:44]} Bf5 $146 {[%emt 0:03:35]} ({Predecessor:} 12... Be6 13. Nd4 Nxd4 14. Qxd4 Nd7 15. Bxe7 Qxe7 {0-1 (79) Karlsson,R-Sampaoli,C (2201) ICC INT 2009}) 13. Bf3 {[%emt 0:05:13]} d4 {[%emt 0:01:57]} 14. Nb5 {[%emt 0:00:39]} d3 {[%emt 0:00:21]} 15. c3 {[%emt 0:01:16]} Qd7 {[%emt 0:06:27]} 16. N5d4 {[%emt 0:01:19]} Bg6 {[%emt 0:00:21]} 17. Re1 {[%emt 0:02:51]} Rfe8 {[%emt 0:02:20]} 18. Qd2 {[%emt 0:00:38]} Nxd4 {[%emt 0:00:48]} 19. Nxd4 {[%emt 0:00:07]} Bc5 {[%emt 0:00:16]} 20. Bxf6 {[%emt 0:01:22]} gxf6 {[%emt 0:00:02]} 21. Nb3 {[%emt 0:00:06]} Bf8 {[%emt 0:00:56]} 22. Rad1 {[%emt 0:01:06]} Kh7 {[%emt 0:02:27]} 23. Qf4 {[%emt 0:03:29]} h5 {[%emt 0:04:28]} 24. Be4 {[%emt 0:09:47]} ({Don't play} 24. Qxf6 Rxe1+ 25. Rxe1 d2 $17) 24... Bh6 {[%emt 0:04:39]} 25. Bxg6+ {[%emt 0:00:03]} fxg6 {[%emt 0:00:03]} 26. Qd4 {[%emt 0:00:02]} Qf5 {[%emt 0:02:50]} 27. Rxe8 {[%emt 0:01:04]} Rxe8 {[%emt 0:00:02]} 28. g3 {[%emt 0:00:43] [#]} (28. h3 $11 {remains equal.}) 28... Re2 {[%emt 0:00:31]} (28... h4 $1 $17 {[%mdl 512]} 29. Qxh4 Re2) 29. Rxd3 {[%emt 0:00:29]} Be3 $18 {[%emt 0:00:06]} (29... Rxf2 $11 {and Black has nothing to worry.} 30. Qd7+ {[%mdl 64] Double Attack} Kg8) 30. Qd7+ {[%emt 0:00:03] Double Attack} 1-0

[Event "NOR-ch Youth 2019"]
[Site "Skien"]
[Date "2019.11.09"]
[Round "3.6"]
[White "Opseth, Oliver"]
[Black "Gaure, Sigurd Lauvas"]
[Result "1/2-1/2"]
[WhiteElo "1795"]
[BlackElo "1648"]
[Annotator "NA"]
[PlyCount "133"]
[EventDate "2019.11.08"]
[EventType "swiss"]
[EventCountry "NOR"]
[SourceTitle "playchess.com"]
[Source "ChessBase"]
[SourceQuality "1"]
[TimeControl "2400+10"]

1. e4 {[%emt 0:00:00]} c5 {[%emt 0:00:00]} 2. Nf3 {[%emt 0:00:00]} d6 {[%emt 0:00:00]} 3. d4 {[%emt 0:00:00]} cxd4 {[%emt 0:00:00]} 4. Qxd4 {[%emt 0:00:00]} Nc6 {[%emt 0:00:01]} 5. Bb5 {[%emt 0:00:02]} Nf6 {[%emt 0:00:10]} 6. Nc3 {[%emt 0:00:30]} g6 {[%emt 0:00:13]} 7. Bg5 {[%emt 0:01:20]} Bg7 {[%emt 0:00:05]} 8. Qd2 {[%emt 0:00:08]} O-O {[%emt 0:00:56]} 9. Bh6 {[%emt 0:01:53]} Bg4 {[%emt 0:02:09]} 10. Bxg7 {[%emt 0:00:36]} Kxg7 {[%emt 0:00:04]} 11. O-O-O {[%emt 0:05:39]} a6 {[%emt 0:01:46]} 12. Be2 {[%emt 0:02:51]} Qa5 {[%emt 0:01:45]} 13. h3 {[%emt 0:02:05]} Be6 {[%emt 0:00:07]} 14. a3 {[%emt 0:05:49]} b5 {[%emt 0:01:01]} 15. Nd4 {[%emt 0:01:32]} Rfc8 {[%emt 0:01:27]} 16. Nxc6 {[%emt 0:03:59]} Rxc6 {[%emt 0:00:07]} 17. e5 {[%emt 0:02:12]} dxe5 {[%emt 0:03:45]} 18. Bf3 {[%emt 0:00:55]} e4 {[%emt 0:00:40]} 19. Nxe4 {[%emt 0:02:09]} Qxd2+ {[%emt 0:01:02]} 20. Rxd2 {[%emt 0:01:19]} Bd5 {[%emt 0:01:19]} 21. Re1 {[%emt 0:02:05]} Rac8 {[%emt 0:01:52]} 22. Re3 {[%emt 0:02:06]} a5 {[%emt 0:11:42]} 23. Nxf6 {[%emt 0:00:58]} Bxf3 {[%emt 0:00:03]} 24. Rxf3 {[%emt 0:00:51]} exf6 {[%emt 0:00:05]} 25. Rfd3 {[%emt 0:00:53]} b4 {[%emt 0:04:05]} 26. axb4 {[%emt 0:00:58]} axb4 {[%emt 0:00:02]} 27. Rd8 {[%emt 0:00:39]} Ra6 {[%emt 0:00:54]} 28. Kd1 {[%emt 0:01:10]} Rc5 {[%emt 0:00:55]} 29. R2d5 {[%emt 0:00:33]} Rcc6 {[%emt 0:01:20]} 30. Rb8 {[%emt 0:00:08]} Rc4 {[%emt 0:00:37]} 31. b3 {[%emt 0:00:47]} Re4 {[%emt 0:00:27]} 32. Kd2 {[%emt 0:00:28]} Rae6 {[%emt 0:00:30]} 33. Kd3 {[%emt 0:00:23]} f5 {[%emt 0:00:27]} 34. Rd4 {[%emt 0:00:18]} Re2 {[%emt 0:01:20]} 35. Rf4 {[%emt 0:00:11]} Kf6 {[%emt 0:00:41]} 36. Rb6 {[%emt 0:00:14]} Rxb6 {[%emt 0:00:50]} 37. Kxe2 {[%emt 0:00:01]} Kg5 {[%emt 0:00:09]} 38. Rd4 {[%emt 0:00:02]} f4 {[%emt 0:00:32]} 39. Kf3 {[%emt 0:00:07]} Rc6 {[%emt 0:00:21]} 40. Rxf4 {[%emt 0:00:36]} Rc3+ {[%emt 0:00:06]} 41. Ke4 {[%emt 0:00:01]} f5+ {[%emt 0:00:04]} 42. Ke5 {[%emt 0:00:05]} Rxc2 {[%emt 0:00:19]} 43. Rxb4 {[%emt 0:00:02]} Rxf2 {[%emt 0:00:02]} 44. Rb7 {[%emt 0:00:09]} h5 {[%emt 0:00:08]} 45. b4 {[%emt 0:00:29]} Rxg2 {[%emt 0:00:10]} 46. b5 {[%emt 0:00:06]} Rg3 {[%emt 0:00:10]} 47. b6 {[%emt 0:00:05]} Rxh3 {[%emt 0:00:03]} 48. Rb8 {[%emt 0:00:04]} Rb3 {[%emt 0:00:02]} 49. b7 {[%emt 0:00:00]} h4 {[%emt 0:00:01]} 50. Kd6 {[%emt 0:00:29]} h3 {[%emt 0:00:08]} 51. Kc7 {[%emt 0:00:04]} Rc3+ {[%emt 0:00:24]} 52. Kd6 {[%emt 0:00:07]} Rb3 {[%emt 0:00:02]} 53. Kc7 {[%emt 0:00:01]} h2 {[%emt 0:00:01]} 54. Rh8 {[%emt 0:00:04]} Kf4 {[%emt 0:00:15]} 55. Rxh2 {[%emt 0:00:06]} g5 {[%emt 0:00:01]} 56. Rf2+ {[%emt 0:00:41]} Kg4 {[%emt 0:00:12]} 57. Rg2+ {[%emt 0:00:18]} Kh4 {[%emt 0:00:05]} 58. b8=Q {[%emt 0:00:09]} Rxb8 {[%emt 0:00:01]} 59. Kxb8 {[%emt 0:00:01]} f4 {[%emt 0:00:03]} 60. Kc7 {[%emt 0:00:16]} f3 {[%emt 0:00:16]} 61. Ra2 {[%emt 0:00:05]} Kg3 {[%emt 0:00:02]} 62. Kd6 {[%emt 0:00:04]} f2 {[%emt 0:00:02]} 63. Ra1 {[%emt 0:00:03]} Kg2 {[%emt 0:00:01]} 64. Ke5 {[%emt 0:00:05]} g4 {[%emt 0:00:01]} 65. Kf4 {[%emt 0:00:25]} f1=Q+ {[%emt 0:00:44]} 66. Rxf1 {[%emt 0:00:03]} Kxf1 {[%emt 0:00:02]} 67. Kxg4 {[%emt 0:00:01]} 1/2-1/2

[Event "NOR-ch Youth 2019"]
[Site "Skien"]
[Date "2019.11.09"]
[Round "3.7"]
[White "Nilsen, Tobias Lang"]
[Black "Sjoberg, Isak"]
[Result "1/2-1/2"]
[WhiteElo "2016"]
[BlackElo "2247"]
[Annotator "TA"]
[PlyCount "109"]
[EventDate "2019.11.08"]
[EventType "swiss"]
[EventCountry "NOR"]
[SourceTitle "playchess.com"]
[Source "ChessBase"]
[SourceQuality "1"]

{[%evp 33,109,74,68,37,71,4,24,3,49,47,27,0,17,-38,-41,-113,-113,-113,-115,-115,-106,-106,-22,-25,-18,-16,-31,-87,-87,-87,-89,-114,-64,-64,-56,-56,0,0,0,-3,0,-3,0,-56,-56,-64,-56,-63,-63,-63,-64,-64,-64,-64,-64,-64,-64,-64,-25,-64,-64,-64,-64,-64,-64,-64,-64,-64,-64,-64,-54,-64,-64,-64,-64,-64,0,-64]} 1. e4 e5 2. Nf3 Nc6 3. Bb5 a6 4. Ba4 Nf6 5. O-O Be7 6. Re1 b5 7. Bb3 O-O 8. c3 d5 9. exd5 Nxd5 10. Nxe5 Nxe5 11. Rxe5 c6 12. d3 Bd6 13. Re1 Qh4 14. g3 Qh3 15. Re4 Qf5 16. Nd2 Qg6 17. Re1 f5 18. a4 {Hoping for axb5. C89: Closed Ruy Lopez: Marshall Attack} Rb8 {[#]} 19. Nf3 $146 (19. axb5 $16 axb5 20. d4) ({Predecessor:} 19. axb5 axb5 20. Ra7 Kh8 21. Nf3 f4 22. Ne5 Bxe5 23. Rxe5 fxg3 24. hxg3 Bg4 25. Qd2 Nf4 26. gxf4 {1-0 (70) Morozevich,A (2742)-Grischuk,A (2671) Dubai 2002}) 19... f4 $11 {[%cal Rf4g3]} 20. Ne5 {White has an edge.} Bxe5 $1 21. Rxe5 {Strongly threatening axb5.} fxg3 22. fxg3 Bg4 23. Qe1 (23. Qc2 $11) 23... Bh3 $15 {And now ...bxa4 would win.} 24. Bxd5+ (24. Be3 $15) 24... cxd5 $17 25. Be3 {[#]} Rf1+ $1 (25... Qxd3 $6 26. Bd4 $11) 26. Qxf1 Bxf1 27. Rxf1 Rf8 ({Much weaker is} 27... Qxd3 $6 28. Bd4 $11) ({Black should try} 27... bxa4 $17 28. Bd4 Rb7) 28. Rxf8+ $11 Kxf8 29. axb5 axb5 {[%mdl 4096] Endgame KQ-KRB} 30. b4 ({Better is} 30. Bc5+ $15 Kf7 31. Re7+ (31. Rxd5 Qe6 $11) 31... Kf6 32. Re3) 30... Qxd3 $17 31. Bd4 {[#]} h5 $1 {[%mdl 512]} 32. Re3 (32. Rxh5 Qd1+) 32... Qc2 33. h4 Kf7 34. Rf3+ Kg6 (34... Kg8 $1 $15) 35. Rf2 $11 Qe4 36. Rf4 Qe2 (36... Qe8 {is interesting.} 37. Kh2 Kh7 38. Rf5 g6 39. Rxd5 Qe2+) 37. Rf2 Qe6 (37... Qe8 {is more complex.} 38. Kh2 Kh7 39. Rf5 g6 40. Rxd5 Qe2+) 38. Kg2 (38. Kh2 $11) 38... Kh7 $1 $15 39. Rf4 Qe2+ 40. Rf2 Qe4+ 41. Kh2 Kg8 $1 42. Rf4 Qe6 43. Kg2 Qe2+ 44. Rf2 Qe4+ 45. Kh2 Qb1 46. Kg2 Qd1 47. Rf1 Qd3 48. Rf4 Qc2+ 49. Rf2 Qc1 50. Rf1 Qh6 51. Rf5 Qg6 52. Rf4 Qe6 53. Rf2 Qg4 54. Rf4 Qd1 55. Rf1 $1 {Accuracy: White = 53%, Black = 54%.} 1/2-1/2

[Event "NOR-ch Youth 2019"]
[Site "Skien"]
[Date "2019.11.09"]
[Round "3.8"]
[White "Vitenberg, Noam Aviv"]
[Black "Gjestemoen-VonHirsch, Andre"]
[Result "1-0"]
[WhiteElo "2246"]
[BlackElo "1967"]
[Annotator "TA"]
[PlyCount "77"]
[EventDate "2019.11.08"]
[EventType "swiss"]
[EventCountry "NOR"]
[SourceTitle "playchess.com"]
[Source "ChessBase"]
[SourceQuality "1"]

{[%evp 11,76,0,0,0,0,-3,56,17,21,16,17,13,24,14,21,18,9,-46,14,15,3,20,22,7,65,56,91,88,117,110,117,104,147,136,139,138,149,154,196,202,202,200,203,204,231,201,324,205,518,522,618,500,516,485,466,466,447,439,503,499,487,479,1435,518,29993,29994,29999]} 1. d4 Nf6 2. c4 e6 3. Nc3 Bb4 4. Qc2 O-O 5. Nf3 d5 6. cxd5 exd5 7. Bf4 {E32: Nimzo-Indian: Classical (4 Qc2): 4...0-0} (7. Bg5 h6 8. Bh4 c5 9. e3 cxd4 10. Nxd4 Nc6 11. Nxc6 bxc6 12. a3 Bxc3+ 13. Qxc3 d4 14. Qxd4 Qxd4 15. exd4 {½-½ (28) Laznicka,V (2662)-Gelfand,B (2703) Novy Bor 2018}) 7... Ne4 8. e3 g5 ({Better is} 8... Bf5 $11 9. Bd3 h6) 9. Be5 {White is slightly better.} (9. Bg3 $5) 9... Nc6 10. Bd3 f5 $146 ({Predecessor:} 10... Qe7 11. O-O Bxc3 12. bxc3 g4 13. Bxe4 dxe4 14. Nd2 Nxe5 15. dxe5 {0-1 (32) Pfrommer,C (2340)-Miezis,N (2490) Baden 2016}) 11. h3 Qe7 12. Bh2 Be6 13. Ne5 Bd6 14. f3 (14. Nxc6 $11 bxc6 15. Bxd6 cxd6 16. O-O) 14... Nc5 (14... Bxe5 $15 15. dxe5 Nc5) 15. Nxc6 $11 Nxd3+ 16. Qxd3 bxc6 17. O-O Bxh2+ (17... Rab8 $11) 18. Kxh2 $14 g4 19. Ne2 gxh3 20. g3 Rab8 21. b3 {[%mdl 1024] White has strong compensation.} Rf6 22. Rac1 Bd7 23. Nf4 Re8 24. Rfe1 Qa3 25. Qd2 a5 26. Rc5 Ra8 27. Nd3 Re6 28. Rec1 Ree8 (28... Re7 $142 29. Ne5 Be8 30. Kxh3 Kh8) 29. Ne5 Rxe5 $2 {[#]} (29... Re7 30. R1c2 (30. Nxc6 Bxc6 31. Rxc6 Rae8 $16) 30... Qb4) 30. dxe5 $18 a4 31. b4 Re8 32. Rb1 d4 33. Qxd4 Qxa2+ 34. Rb2 Qf7 35. Rd2 Re7 36. Ra5 Qb3 (36... Be8 $142 37. Qh4 c5 38. Rxc5 Kg7 39. Qg5+ Kf8) 37. Ra8+ (37. Qxd7 $142 Rxd7 38. Rxd7 Qxb4 39. Ra8+ Qf8 40. Rxf8+ Kxf8 41. Rxh7) 37... Kf7 {[#]} (37... Be8 $18 38. Qf4 Qe6 39. Qg5+ Kf7) 38. Qh4 $1 {[%csl Ge5][%cal Rh4f6][%mdl 64] Double Attack} Qxe3 39. Qf6# {Accuracy: White = 76%, Black = 28%.} 1-0

[Event "NOR-ch Youth 2019"]
[Site "Skien"]
[Date "2019.11.09"]
[Round "3.9"]
[White "Kvendseth, Thyra"]
[Black "Melaa, Sondre"]
[Result "0-1"]
[WhiteElo "1868"]
[BlackElo "2234"]
[Annotator "TA"]
[PlyCount "134"]
[EventDate "2019.11.08"]
[EventType "swiss"]
[EventCountry "NOR"]
[SourceTitle "playchess.com"]
[Source "ChessBase"]
[SourceQuality "1"]

{[%evp 13,134,26,16,4,27,-16,12,7,29,21,43,-6,-10,-20,43,18,38,-19,21,3,27,25,9,-33,-31,-33,0,-14,53,-36,0,-21,0,0,0,11,14,19,37,33,37,0,414,7,8,8,11,0,8,0,27,27,35,33,35,24,24,24,39,39,45,45,57,57,56,52,52,41,52,0,52,45,45,0,52,0,48,37,49,20,20,20,136,122,217,80,80,80,80,80,80,0,0,0,0,0,0,-12,-12,-12,-8,-8,-8,-19,-19,-19,-20,-42,-42,-42,-42,-49,-42,-42,-8,-42,-49,-49,-49,-50,-8,-41,-20]} 1. d4 d5 2. Nf3 Nf6 3. e3 e6 4. Bd3 c5 5. b3 Be7 6. O-O O-O 7. Bb2 b6 8. Qe2 {D05: Colle System with ...e6} (8. dxc5 Bxc5 9. Nbd2 Bb7 10. Qe2 Nbd7 11. c4 dxc4 12. Nxc4 Qe7 13. a3 a5 14. Nd4 Rfd8 15. Rfd1 Rac8 16. Rac1 Nf8 17. Qe1 Ng6 18. Bf1 Ng4 19. Nb5 {0-1 (52) Carlsen,M (2853)-Karjakin,S (2769) New York 2016}) 8... a5 9. Nbd2 $146 ({Predecessor:} 9. c4 Ba6 10. Nc3 Nc6 11. Nb5 cxd4 12. exd4 Rc8 13. Rac1 {½-½ (36) Bialas,W (2365)-Stoll,J (2245) Germany 1981}) 9... Ba6 10. c4 {The position is equal.} Nc6 11. Rac1 a4 12. dxc5 axb3 13. axb3 dxc4 ({Black should try} 13... bxc5 $11 14. cxd5 Bxd3 15. Qxd3 Qxd5) 14. bxc4 bxc5 15. e4 (15. Rfd1 $14) 15... Rb8 16. Ba1 Nb4 17. Bb1 Nd7 18. Rfd1 f6 19. Nf1 {[%cal Bd2f1,Bf1e3,Be3g4][%mdl 32]} Qc7 20. Ne3 Rfd8 ({Better is} 20... Rbd8 $11) 21. g3 ({White should play} 21. e5 $1 $14) 21... Bd6 22. Ng4 {With the idea e5.} Nc6 {[#]} 23. e5 $1 {[%mdl 512]} Ndxe5 (23... Ncxe5 24. Nfxe5) 24. Nfxe5 Nxe5 25. f4 Nxg4 26. Qxe6+ Qf7 27. Qxg4 (27. Bxh7+ $5 Kf8 28. Rxd6 Qxe6 29. Rxe6 $16) 27... Bxc4 $2 {[%mdl 8192] [#]} (27... Be7 $11 {and Black has nothing to worry.}) 28. Bxf6 $2 (28. Rxc4 $1 $18 {[%mdl 512] Hoping for Rcc1.} Rxb1 (28... Qxc4 29. Bxf6) 29. Rxb1) 28... Qxf6 $11 29. Rxc4 Bf8 30. Rcc1 Rxd1+ 31. Rxd1 c4 32. Qh5 g6 33. Qd5+ {[%mdl 64] Double Attack} Qf7 {Threatens to win with ...Qxd5.} 34. Qxf7+ Kxf7 $14 {[%mdl 4096] Endgame KRB-KRB} 35. Ba2 Bc5+ 36. Kh1 Rb2 37. Bxc4+ Kf6 38. Rd7 {[%csl Gc4][%cal Rd7f7]} Be7 39. Ra7 Rc2 40. Bb3 Rb2 41. Bc4 Rc2 $1 {[%cal Rc2c4]} 42. Ra6+ Kg7 {And now ...Rc1+ would win.} 43. Ra7 Kf6 44. Bb3 Rb2 $1 {[%cal Rb2b3]} 45. Ba2 h5 46. Ra6+ Kf5 47. Bf7 Kg4 (47... h4 $1 $11) 48. Rxg6+ $16 Kf3 {[#]} (48... Kf5 $16 {keeps fighting.}) 49. Bd5+ (49. h4 $1 $18) 49... Kf2 {[%cal Rb2b1] [#]} 50. h4 $1 Rd2 51. Bb7 Bc5 52. Rc6 (52. Bc6 $16) 52... Kxg3 $11 {[%csl Gg3][%cal Rd2h2][%mdl 64] Double Attack} 53. Rg6+ Kxf4 (53... Kxh4 {looks sharper.} 54. Bf3 Bd6 55. Rg2 Rd3 56. Rh2+ Kg3) 54. Rg5 Be7 55. Rg2 Rd1+ 56. Rg1 Rd7 57. Rf1+ Kg3 58. Bc8 Rd2 (58... Rc7 {is interesting.} 59. Ba6 Rc2 60. Rg1+ Kxh4 61. Rg2 Rc1+) 59. Rg1+ Kxh4 60. Re1 Bd6 61. Re3 Kg5 62. Rb3 Bf4 63. Rb5+ Kh4 64. Rb4 Kg3 {[%cal Rd2d1]} 65. Rb3+ Kf2 {[%cal Rd2d1]} 66. Rb1 Be3 {( -> ...Kg3)} 67. Rg1 Rd4 {[%mdl 32768] Accuracy: White = 37%, Black = 36%. . Loss on time!?} 0-1

[Event "NOR-ch Youth 2019"]
[Site "Skien"]
[Date "2019.11.09"]
[Round "3.10"]
[White "Modell, Brage"]
[Black "Abdrlauf, Elham"]
[Result "0-1"]
[WhiteElo "1845"]
[BlackElo "2244"]
[Annotator "TA"]
[PlyCount "62"]
[EventDate "2019.11.08"]
[EventType "swiss"]
[EventCountry "NOR"]
[SourceTitle "playchess.com"]
[Source "ChessBase"]
[SourceQuality "1"]

{[%evp 9,108,44,51,47,55,47,83,59,66,58,52,20,70,2,48,13,18,0,39,18,60,-11,0,-16,-9,-79,0,0,0,0,4,-56,-52,-51,-61,-53,-28,-23,-21,-27,-33,-31,-27,-90,-81,-94,-93,-94,-85,-109,-102,-100,-89,-100,-102,-98,-77,-77,-75,-75,-81,-78,-77,-114,-43,-267,-261,-267,-268,-311,-284,-1030,-570,-995,-883,-712,-577,-1100,-1148,-999,-962,-2818,-1830,-6733,-6785,-12846,-12847,-12847,-12847,-12850,-27999,-12851,-27999,-12851,-27999,-27999,-27999,-27998,-27998,-27999,-27999]} 1. c4 e6 2. Nc3 b6 3. e4 Bb7 4. Bd3 d6 (4... Bb4 5. Nge2 Ne7 6. Bc2 d5 7. Ba4+ Nd7 8. d4 dxe4 9. a3 Bxc3+ 10. Nxc3 O-O 11. O-O Nf5 12. d5 exd5 13. Nxd5 {0-1 (30) Martinez Alcantara,J (2583)-Donchenko,A (2618) Le Blanc Mesnil 2019}) 5. Nf3 Nd7 $146 ({Predecessor:} 5... g6 6. Bc2 e5 7. d4 exd4 8. Qxd4 Qf6 9. Qd1 Qd8 10. Bg5 Be7 11. h4 h6 12. Be3 {1-0 (50) Stephanus,J (1959)-Renard,L (1744) Metz 2011}) 6. O-O {A10: English Opening: Unusual Replies for Black} Ngf6 7. Bc2 g6 8. d4 {White is better.} Bg7 9. d5 O-O 10. Rb1 a5 11. a3 (11. Nd4 $14) 11... Re8 12. b4 axb4 13. axb4 exd5 14. exd5 Ng4 15. Bb2 ({Better is} 15. Bg5 $14 f6 16. Bh4) 15... Nde5 $11 16. Nxe5 Nxe5 17. Bb3 {[#]} (17. Nb5 $11) 17... Qh4 ({Black should try} 17... Ba6 $1 $17 18. Nb5 Bxb5 19. cxb5 Qd7) 18. Nb5 $1 {[%cal Rb5c7]} Re7 19. Nd4 Rae8 20. Nf3 (20. Qd2 $11) 20... Nxf3+ $15 21. Qxf3 Bxb2 22. Rxb2 b5 23. Qc3 bxc4 24. Qxc4 Qxc4 25. Bxc4 Re4 $36 {[%mdl 2048] Black has the initiative.} 26. Bb5 (26. Rc2 $11 {remains equal.}) 26... Rb8 $17 27. Rd1 {[#]} Bxd5 $1 {[%mdl 512]} 28. f3 (28. Rxd5 Rxb5) 28... Re5 ({Much worse is} 28... Rxb5 29. fxe4 Bxe4 30. Ra1 $11) 29. Bd3 Be6 30. Rc1 c5 31. b5 Kf8 {Played: Rb8-b6} 0-1

[Event "NOR-ch Youth 2019"]
[Site "Skien"]
[Date "2019.11.09"]
[Round "3.11"]
[White "Shehzad, Shazil"]
[Black "Schouten, Mathias Lind"]
[Result "1-0"]
[WhiteElo "2173"]
[BlackElo "1886"]
[Annotator "TA"]
[PlyCount "55"]
[EventDate "2019.11.08"]
[EventType "swiss"]
[EventCountry "NOR"]
[SourceTitle "playchess.com"]
[Source "ChessBase"]
[SourceQuality "1"]

{[%evp 28,55,22,16,22,0,0,0,18,0,23,16,14,8,15,13,168,164,782,772,760,748,737,704,1597,1520,2386,2306,1028,1016]} 1. e4 c5 2. Nf3 Nc6 3. Bb5 g6 4. O-O Bg7 5. Re1 Nf6 6. e5 Nd5 7. Nc3 Nc7 8. Bxc6 dxc6 9. Ne4 Ne6 10. d3 O-O 11. Be3 b6 12. Qd2 Nd4 13. Nxd4 cxd4 14. Bh6 c5 15. Qf4 Qc7 {B31: Sicilian: 2...Nc6 3 Bb5 g6} 16. Bxg7 Kxg7 17. h4 h5 {[#] The position is equal.} 18. Rac1 $146 ({Predecessor:} 18. Ng5 Qc6 19. Re2 Be6 20. a4 {1-0 (71) Neiksans,A (2560)-Kula,R (2319) Warsaw 2013}) 18... Bf5 19. Ng3 Be6 20. c3 dxc3 21. bxc3 Rad8 $2 {[#]} (21... Rh8 $11 {and Black stays safe.}) 22. Nxh5+ $1 $18 {[%mdl 512]} gxh5 $2 (22... Kh7) 23. Qg5+ {[%mdl 64] Double Attack. White is clearly winning.} Kh7 24. Qxh5+ Kg7 25. Re3 {Threatening mate with Rg3+.} Bf5 26. Qxf5 {Intending Qg5+ and mate.} Rg8 27. Rg3+ Kf8 {[#]} 28. e6 $1 {Accuracy: White = 72%, Black = 23%.} 1-0